000 00390nam a2200145Ia 4500
008 151213s9999 xx 000 0 und d
100 _aViviondesala Pinto
245 _aCrisis in English Poetry
_cViviondesala Pinto
260 _aLondon
_bHutchinson University Library
_c1967
300 _a4516 p.
650 _aCritics
650 _aEnglish
700 _aViviondesala Pinto
999 _c2891
_d2891